Statistics for Most Popular Team Names in College Division 2 Football

Click here to take the quiz!

General Stats

  • This quiz has been taken 22 times
  • The average score is 9 of 19

Answer Stats

Number of TeamsAnswer% Correct
5Tigers
100%
6Lions
87%
4Eagles
73%
6Panthers
73%
4Wildcats
73%
6Bulldogs
67%
4Hawks
67%
5Falcons
60%
3Huskies
53%
3Mustangs
40%
4Warriors
40%
5Wolves
27%
3Bearcats
20%
3Dragons
20%
3Golden Bears
20%
3Yellow Jackets
20%
3Greyhounds
13%
3Marauders
13%
3Pioneers
7%

Score Distribution

Percentile by Number Answered

Percent of People with Each Score

Your Score History

You have not taken this quiz